<?xml version="1.0" encoding="UTF-8"?>
<collection xmlns="http://www.loc.gov/MARC21/slim">
  <record>
    <leader>00000nam  2200000   4500</leader>
    <controlfield tag="001">INLIS000000000020249</controlfield>
    <controlfield tag="005">20250528032350</controlfield>
    <datafield tag="035" ind1="#" ind2="#">
      <subfield code="a">0010-0525000332</subfield>
    </datafield>
    <controlfield tag="007">ta</controlfield>
    <controlfield tag="008">250528################g##########0#ind##</controlfield>
    <datafield tag="020" ind1="#" ind2="#">
      <subfield code="a">979 3654 59 7</subfield>
    </datafield>
    <datafield tag="082" ind1="#" ind2="#">
      <subfield code="a">379</subfield>
    </datafield>
    <datafield tag="084" ind1="#" ind2="#">
      <subfield code="a">379 CHA a</subfield>
    </datafield>
    <datafield tag="100" ind1=" " ind2="#">
      <subfield code="a">Chan, Sam M.</subfield>
    </datafield>
    <datafield tag="245" ind1="1" ind2="#">
      <subfield code="a">Analisis SWOT Kebijakan Pendidikan Era Otonomi Daerah /</subfield>
      <subfield code="c">Sam M. Chan, Tuti T. Sam</subfield>
    </datafield>
    <datafield tag="250" ind1="#" ind2="#">
      <subfield code="a">Edisi 1, Cetakan ke 2</subfield>
    </datafield>
    <datafield tag="260" ind1="#" ind2="#">
      <subfield code="a">Jakarta :</subfield>
      <subfield code="b">RajaGrafindo Persada,</subfield>
      <subfield code="c">2006</subfield>
    </datafield>
    <datafield tag="300" ind1="#" ind2="#">
      <subfield code="a">xvi, 210 halaman :</subfield>
      <subfield code="b">ilus ;</subfield>
      <subfield code="c">21 cm</subfield>
    </datafield>
    <datafield tag="650" ind1="#" ind2="4">
      <subfield code="a">Peraturan-peraturan Pendidikan</subfield>
    </datafield>
    <datafield tag="700" ind1=" " ind2="#">
      <subfield code="a">Tuti T. Sam</subfield>
    </datafield>
    <datafield tag="520" ind1="#" ind2="#">
      <subfield code="a">Buku ini dapat digunakan oleh para dosen dan mahasiswa bidang manajemen pendidikan atau administrasi pendidikan sebagai bahan ajar atau referensi dalam mata kuliah Analisis Kebijakan Pendidikan. Selain itu, buku ini juga dapat berguna bagi para mahasiswa  jurusan Administrasi Negara atau para praktisi yang bergerak dalam bidang analisis kebijakan.&#13;
&#13;
Secara rinci, berbagai topik yang mengetengahkan problematika dunia pendidikan dijelaskan di dalam buku ini dengan menggunakan teknik analisis SWOT, yaitu memerhatikan kekuatan, kelemahan, peluang serta tantangan yang dimiliki oleh suatu kebijakan. Berbagai kebijakan tersebut antara lain desentralisasi pendidikan melalui Undang-Undang Otonomi Daerah, problematika seputar pendidikan moral dan budi pekerti, isu seputar evaluasi pendidikan secara nasional, isu kebijakan terkait kurikulum berbasis kompetensi, muatan lokal dalam kurikulum berbasis kompetensi, dan manajemen pendidikan berbasis masyarakat. Selain itu, buku ini juga membahas isu-isu kebijakan seputar kualitas dan kuantitas guru, pendidikan keluarga di perkotaan, pendidikan di era globalisasi, supervisi pendidikan, media massa dan pendidikan anak, serta pemberian gelar akademik.</subfield>
    </datafield>
    <datafield tag="990" ind1="#" ind2="#">
      <subfield code="a">070310294</subfield>
    </datafield>
    <datafield tag="990" ind1="#" ind2="#">
      <subfield code="a">06039559</subfield>
    </datafield>
  </record>
</collection>
